Statistics for Biggest Premier League Win for Liverpool F.C.

Click here to take the quiz!

General Stats

  • This quiz has been taken 62 times
  • The average score is 6 of 11

Answer Stats

Goal MarginSeasonAnswer% Correct
2022-2023Manchester United
100%
92022-2023Bournemouth
91%
72020-2021 (A)Crystal Palace
68%
1998-1998Southampton
62%
2015-2016 (A)Aston Villa
58%
2021-2022Leeds United
57%
2012-2013 (A)Newcastle United
49%
61995-1995Manchester City
45%
2007-2008Derby County
40%
2001-2022 (A)Ipswich Town
32%
2002-2003 (A)West Bromwich Albion
32%

Score Distribution

Percentile by Number Answered

Percent of People with Each Score

Your Score History

You have not taken this quiz